Statistics for Euroleague and NBA champions

Click here to take the quiz!

General Stats

  • This quiz has been taken 70 times
  • The average score is 2 of 10

Answer Stats

HintAnswer% Correct
Bulls/KK SplitToni Kukoc
87%
Spurs/Virtus BolognaManu Ginobilli
37%
Bucks/EfesElijah Bryant
33%
Lakers/Olimpia MilanoBob McAdoo
27%
Lakers/OlympiakosJosh Powell
17%
Spurs/BolognaRadoslav Nesterovic
14%
Rockets/KK SplitZan Tabac
5%
Lakers/Pallacanestro CantuJim Brewer
3%
Bullets/Banco di RomaLarry Wright
3%
New York Nets /Pallacanestro VareseRich Jones
2%

Score Distribution

Percentile by Number Answered

Percent of People with Each Score

Your Score History

You have not taken this quiz